000
00273nam a2200109Ia 4500
008
190914s9999||||xx |||||||||||||| ||und||
100
_a
Robert L. Linn
245
0
_a
Measurement and Assessment in Teaching
260
_a
New Delhi
_b
Addison
_c
2001
300
_a
790
942
_c
BK
999
_c
9005
_d
9005